Normal view
MARC view
- التدريس-طرق التدريس
Entry Topical Term
001 - CONTROL NUMBER
- control field: 15259
003 - CONTROL NUMBER IDENTIFIER
- control field: JO-AjAnu
005 - DATE AND TIME OF LATEST TRANSACTION
- control field: 20230606072732.0
008 - FIXED-LENGTH DATA ELEMENTS
- fixed length control field: 230606|| aca||aabn | a|a d
040 ## - CATALOGING SOURCE
- Original cataloging agency: JO-AjAnu
- Transcribing agency: JO-AjAnu
150 ## - HEADING--TOPICAL TERM
- Topical term or geographic name entry element: التدريس-طرق التدريس
670 ## - SOURCE DATA FOUND
- Source citation: Work cat.: (JO-AjAnu)7834: جرادات،عزت مؤلف/عبيدات،ذوقان م.مشارك/أبو غزالة،هيفاء م.مشارك/عبد اللطيف،خيري م.مشارك, author 15258, التدريس الفعال